Applied management science : a computer-integrated approach for decision making /

Đã lưu trong:
書目詳細資料
主要作者: Lawrence, John A.
其他作者: Pasternack, Barry Alan.
格式: 圖書
語言:English
出版: New York : John Wiley and Sons, 1998.
主題:
標簽: 添加標簽
沒有標簽, 成為第一個標記此記錄!
Thư viện lưu trữ: Mạng thư viện Đại học Đà Nẵng
LEADER 01162cam a2200397 i 4500
001 000046307
003 5769
005 20030313153751.0
008 010220|1998 vm 000 eng
020 |a 0471137766 
040 |a IRC  |c IRC  |d IRC 
041 0 |a eng 
082 1 4 |a 658.4033  |b LA-J 
100 1 |a Lawrence, John A. 
245 0 0 |a Applied management science :  |b a computer-integrated approach for decision making /  |c John A. Lawrence, Barry Alan Pasternack. 
260 |a New York :  |b John Wiley and Sons,  |c 1998. 
300 |a xxiv, 665, 9 p. : ill. (some col.) 
630 0 4 |a Management. 
630 0 4 |a Mathematical models. 
630 0 4 |a Decision support systems. 
630 0 4 |a Management science. 
650 0 4 |a Management  |x Mathematical models. 
650 0 4 |a Decision support systems. 
650 0 4 |a Management science. 
650 0 4 |a Communication in management. 
700 1 |a Pasternack, Barry Alan. 
OWN |a DUT 
999 |a From the UDN01 
TYP |a Monograph 
TYP |a Printed language 
980 |a Mạng thư viện Đại học Đà Nẵng